[Event "Spielvogel 2021"]
[Site "Mechanics Institute"]
[Date "2021.03.04"]
[Round "4"]
[White "Stewart, Scott"]
[Black "Coffey, Ruari"]
[Result "0-1"]
[WhiteElo "1707"]
[BlackElo "1701"]

1.e4 e5 2.Nf3 Nf6 {In previous games, Scott had outplayed me in my current
opening repertoire so an addition needed to be added. The Petroff seemed like
a good place to start OTB. (R.C)} 3.Nxe5 d6 4.Nf3 Nxe4 5.d4 {More common is d3
to kick the knight before d4 but white chooses a slightly more tricky line.
(R.C)} d5 6.Bd3 Bg4 7.h3 Bh5 8.g4 Bg6 9.Ne5 Qf6 10.Qe2 Qe6 {This manoeuvre was
played to allow the development of the dark squared bishop but there is
potential for the discovered attacks after moves like f3 after Nxg6. Luckily,
this was solved for me later (R.C)} 11.Bf4 Nd6 12.Nc3 Bxd3 13.Nxd3 Qxe2+
14.Kxe2 {white's king is now in the centre and will be the focus of blacks
attack. The king could walk to g2 later after Re1 or via f3. (R.C)} Nc6 15.Be3
{keeping solid before trying any tricks. white hopes to cover their weaknesses
and then target blacks. (R.C)} O-O-O 16.Nxd5 Nb5 17.c4 Nbxd4+ 18.Bxd4 Nxd4+
19.Kd2 c6 20.Ne3 Ne6 {Trying to find better squares for the knight and open
the rooks sight. maybe g6 was also playable just to help develop the bishop/
(R.C)} 21.Ke2 Bd6 22.Rad1 g6 23.Kf3 h5 24.Kg2 Bf4 {Misses a better idea, in my
opinion. Bc7 threatening Rxd4 followed by Nf4+, provides more problems for
white and with the kingside opening soon, the king will definitely feel a
draught. (R.C)} 25.Nxf4 Nxf4+ 26.Kf3 Ne6 27.Rxd8+ Kxd8 28.Rd1+ Ke7 {with fewer
pieces of the board, the king becomes more active. With just a rook and knight
on each side. the kings aren't in so much danger anymore so need to be used.
(R.C)} 29.Kg3 hxg4 30.Nxg4 Rh5 {keeping the rook and trying to switch it to
attack the queenside pawns. (R.C)} 31.f4 Ra5 32.Ne5 {white is going for the
black king by infiltrating on the 7th. (R.C)} Nf8 33.a3 f6 34.Nd3 Nd7 35.c5
{Enticing what looks to be a free pawn but b4 will provide the counterplay. Oh
well (R.C)} Ra4 36.Rc1 Rd4 37.Rc3 Ke6 38.b4 Kf5 39.Nb2 Rxf4 40.Nc4 Ne5 {The
idea is to sac the b-pawn and prevent a perpetual check on f7-d6. (R.C)}
41.Nd6+ Kg5 42.Nxb7 Rd4 43.Nd6 f5 44.b5! {I thought this unplayable but the
more I looked the more I realised by pieces, though close, were too slow. Thus
the c-pawn became an annoyance to deal with. (R.C)} f4+ 45.Kf2 Kf6 46.bxc6
Nxc6 47.Kf3 {White offered a draw. I felt that with the placement of my pieces
I can enter a winning pawn endgame with some minor pieces/rooks. (R.C)} Ke5
48.Nf7+ Kd5 49.Ng5 Ne5+ 50.Ke2 Kc6 {A switcheroo of pieces to stop the pawn
seemed needed. Once the c-pawn is gone, the game looked like it would be
easier to manage. (R.C)} 51.Ne6 Re4+ 52.Kf2 Nf7 {Discovered attack on the
knight but only to a few squares seemed like it works. (R.C)} 53.Nf8 g5 54.Kf3
Re8 {Hoping to trap the knight. (R.C)} 55.Ng6 Ne5+ {Trading white's trickiest
piece and going into a rook+pawn endgame} 56.Nxe5+ Rxe5 57.h4 {breaking
black's pawn structure and is probably white's best try. (R.C)} gxh4 58.Kxf4
Rxc5 59.Rh3 Rc4+ 60.Ke5 Kc5 61.Rb3 a5 62.Rb8 Rg4 63.Rh8 Kb5 64.Kd5 Ka4 65.Ra8
Rg5+ 66.Kc4 Rh5 {And black's position is winning. Both pawns are protected and
black's king is free to roam about for the moment. (R.C)} 67.Rd8 h3 68.Rd1 h2
69.Rh1 Rh4+ {Unnecessary. Rh3 and white has not too many moves. (R.C)} 70.Kc3
{For a very brief moment, I was going to take the pawn but then realised that
would be mate so... (R.C)} Rh3+ 71.Kb2 Rb3+ 72.Kc1 {I missed this. (R.C)} Rh3
73.Kb2 Kb5 74.Kb1 Kc4 75.Kb2 Kd3 {My plan is to just march my king over to g2
and force the rook away. a4 was probably a move beforehand but oh well. (R.C)}
76.Kb3 Ke2+ 77.Kc4 Kf2 78.a4 Kg2 {and the rook is forced away. White is one
tempo too slow and will not be able to take the black a-pawn in time. Overall,
a fun game.  (R.C)} {#R} 0-1

[Event "Spielvogel 2021"]
[Site "Mechanics Institute"]
[Date "2021.03.18"]
[Round "6"]
[White "Cook, Patrick"]
[Black "Harrison,Harrison"]
[Result "1-0"]
[WhiteElo "1537"]
[BlackElo "1643"]

1.d4 h5 {Harrison is a strong player, but he handicaps himself in the opening
with his faith-based moves. I haven't seen this one before. (P.C.)} 2.c4 g6
3.Nf3 h4 4.h3 e6 5.Bg5 Be7 6.Qd2 Bxg5 7.Qxg5 Qxg5 8.Nxg5 b6 9.Nc3 a6 10.Nf3
Bb7 11.e4 d6 12.Bd3 Nf6 13.O-O-O Nbd7 14.Ng5 c6 15.Rhe1 b5 16.d5 {Here,
Harrison pondered his response for over half an hour...!(P.C.)} bxc4 17.dxe6
cxd3 18.exd7+ Nxd7 {Black offered a draw...(P.C.)} 19.Rxd3 {The "drawmeister"
declined! An ominous sign for Harrison. (P.C.)} f6 20.Nf3 Ne5 21.Nxe5 dxe5
22.Red1 Rh7 23.Na4 c5 24.Nxc5 Rc8 25.Rc3 {25.b4...is met by 25...Bxe4! (P.C.)}
Ba8 26.f3 Rhc7 27.b4 Kf7 28.Kb2 Kg8 29.Rcd3 Kh7 30.Rd7+ Kh6 31.Rxc7 Rxc7
32.Nxa6 Ra7 33.Rd6 Kg5 34.b5 Rf7 35.Nc5 Kf4 36.a4 Kg3 37.Rd2 f5 38.b6 Bc6
39.Rd6 Kxg2 {Black offered another draw...!(P.C.)} 40.Rxg6+ Kxf3 41.Rxc6 fxe4
42.b7 Rxb7+ 43.Nxb7 e3 44.a5 e2 45.Rc1 Kf2 46.Nc5! {now if 46...e1=Q
47.Nd3+...picks up the Queen for free. (P.C.)} Kg2 47.a6 e4 48.Nxe4 Kf3 49.Nc5
Kg2 50.a7 Kh2 51.a8=Q e1=Q {hoping for stalemate tricks. (P.C.)} 52.Rxe1 Kg3
53.Re3+ Kh2 54.Re2+ Kg3 55.Qe4 Kxh3 56.Qg2# 1-0

[Event "Spielvogel 2021"]
[Site "Mechanics Institute"]
[Date "2021.03.18"]
[Round "6"]
[White "Goodison, Leonard"]
[Black "Brotheridge, Jamie"]
[Result "1/2-1/2"]
[WhiteElo "1107"]
[BlackElo "1518"]

1.e4 c5 2.Nf3 Nc6 3.d4 cxd4 4.Nxd4 Nf6 5.Nc3 g6 6.Be3 Bg7 7.Bc4 d6 8.Bb3 a6
9.O-O O-O 10.a4 Ng4 11.Nxc6 bxc6 12.Qd2 Be5 13.h3 Nxe3 14.Qxe3 c5 15.Kh1 Bd7
16.Rab1 Rc8 17.Rfd1 c4 18.Ba2 Bxc3 19.Qxc3 Bxa4 20.Bxc4 Qc7 21.b3 Bb5 22.Ra1
Bxc4 23.bxc4 Qxc4 24.Qxc4 Rxc4 25.Rxa6 {should have taken on e4 and l should
be winning [jb]} Rxc2 26.Ra7 Re8 27.Kg1 Kg7 28.Rb1 Kf6 29.Rbb7 Rc1+ 30.Kh2 Rc4
31.f3 h5 32.h4 Ke6 33.Kg3 Rc5 34.Kf4 Kf6 35.Kg3 Re5 36.Kf4 g5+ 37.hxg5+ Rxg5
38.g3 Rg7 39.Rd7 Rg5 40.Rxe7 Rxe7 41.Rxe7 Rc5 42.Rd7 Ke6 43.Rd8 Ke7 44.Rg8 Kf6
45.Ra8 Re5 46.Ra6 Ke6 47.Ra8 Kf6 48.Rd8 Ke7 49.Rh8 Kf6 50.Rh6+ Ke7 51.Rh8 Kf6
52.g4 hxg4 53.Kxg4 Ke7 54.Rh6 Rc5 55.Kf4 Rb5 56.Rh1 f6 57.Rh7+ Ke6 58.Rc7 f5
{#d} 1/2-1/2

[Event "Spielvogel 2021"]
[Site "Mechanics Institute"]
[Date "2021.03.25"]
[Round "7"]
[White "Stewart, Scott"]
[Black "Cook, Patrick"]
[Result "1/2-1/2"]
[WhiteElo "1707"]
[BlackElo "1537"]

1.e4 e6 2.d4 d5 3.e5 c5 4.Nf3 Nc6 5.Bd3 cxd4 6.O-O Nge7 7.Bf4 Ng6 8.Bg3 Be7
9.Nbd2 Qb6 10.Nb3 Bd7 11.Re1 Rc8 12.h4 h5 13.Bxg6 fxg6 14.Qd3 Kf7 15.a3 Na5
16.Nxa5 Qxa5 17.Nxd4 Rhf8 18.Re3 Qd8 19.Rf3+ Kg8 20.Rxf8+ Kxf8 21.Qxg6 Bxh4
22.Nxe6+ Bxe6 23.Qxe6 Bxg3 24.fxg3 {After the game, Scott suggested 24.Qf5+...
first, protecting the c2 pawn and avoiding the Q swap, is probably winning.
(P.C.)} Qb6+ 25.Qxb6 axb6 {Black offered a draw...(P.C.)} 26.Rd1 Rxc2 27.b4
Rc3 28.Rxd5 Rxa3 29.Kf2 Ke7 30.Rb5 Ke6 31.Rxb6+ Kxe5 32.Rxb7 g6 33.b5 Rb3
34.b6 Kf6 35.Rb8 Kg5 36.b7 Kg4 37.Rg8 Rb2+ 38.Kg1 {#d} 1/2-1/2

[Event "Spielvogel 2021"]
[Site "Mechanics Institute"]
[Date "2021.03.18"]
[Round "7"]
[White "Brotheridge, Jamie"]
[Black "Block, Nigel"]
[Result "1-0"]
[WhiteElo "1518"]
[BlackElo "560"]

1.d4 d5 2.c4 Nf6 3.e3 e6 4.Nf3 Be7 5.Bd3 O-O 6.O-O c6 7.Nc3 Nbd7 8.a4 b6 9.e4
Re8 10.e5 Nh5 11.cxd5 cxd5 12.Ng5 g6 13.h4 f6?? 14.Nxe6 {#r} 1-0

[Event "Spielvogel"]
[Site "BCC"]
[Date "2024.03.07"]
[Round "5"]
[White "Stickland, Peter"]
[Black "van Riel, Bas"]
[Result "0-1"]
[WhiteElo "1503"]
[BlackElo "1829"]

1.e4 d6 2.d4 Nf6 3.Nc3 g6 4.f3 Bg7 5.Be3 O-O 6.Qd2 c6 7.Bd3 Qc7 8.O-O-O Bd7
9.g4 b5 10.h4 h5 11.gxh5 Nxh5 12.Nce2 c5 13.dxc5 dxc5 14.c3 Be6 15.Kb1 Qa5
16.Nc1 c4 17.Bc2 Nc6 18.Nge2 Ne5 19.Nd4 Rad8 20.f4 Nf3 21.Qf2 Nxd4 22.Bxd4
Bxd4 23.Rxd4 f5 24.Rg1 Kh7 25.exf5 Bxf5 26.Bxf5 Rxf5 27.Qe3 Qc7 28.Re4 Re8
29.Re6 Qxf4 30.Rxe7+ Rxe7 31.Qxe7+ Rf7 32.Qc5 Qf5+ 33.Qxf5 gxf5 34.Ne2 f4
35.Rf1 f3 36.Ng1 f2 37.Nh3 Rf3 38.Nxf2 Nf4 39.Re1 Rxf2 40.Re7+ Kg6 41.Rxa7 Nd3
42.b3 cxb3 43.axb3 Rb2+ 44.Ka1 Rxb3 45.Ra6+ Kh5 46.Rc6 Kxh4 {#R} 0-1